Movies Quiz

Random Movies or Cast Quiz

James Gray Casts Quiz Stats

 Plays Quiz not verified by Sporcle

Score 0/85 Timer 10:00
0 Plays Today
Film Actor/Actress % Correct
Ad Astra (2019)Brad Pitt
92%
Ad Astra (2019)Tommy Lee Jones
72%
The Yards (2000)Joaquin Phoenix
68%
We Own the Night (2007)Joaquin Phoenix
68%
Two Lovers (2008)Joaquin Phoenix
68%
The Immigrant (2013)Joaquin Phoenix
68%
The Yards (2000)Mark Wahlberg
56%
We Own the Night (2007)Mark Wahlberg
56%
The Lost City of Z (2016)Charlie Hunnam
56%
The Immigrant (2013)Marion Cotillard
44%
Ad Astra (2019)Liv Tyler
44%
Little Odessa (1994)Tim Roth
40%
We Own the Night (2007)Eva Mendes
40%
Ad Astra (2019)Ruth Negga
40%
We Own the Night (2007)Robert Duvall
36%
The Immigrant (2013)Jeremy Renner
36%
The Lost City of Z (2016)Robert Pattinson
36%
Ad Astra (2019)Donald Sutherland
36%
The Yards (2000)Charlize Theron
32%
Two Lovers (2008)Gwyneth Paltrow
32%
The Lost City of Z (2016)Sienna Miller
32%
The Lost City of Z (2016)Tom Holland
28%
Little Odessa (1994)Edward Furlong
24%
Little Odessa (1994)Vanessa Redgrave
20%
The Yards (2000)James Caan
20%
Ad Astra (2019)Loren Dean
16%
Ad Astra (2019)John Ortiz
16%
Little Odessa (1994)Paul Guilfoyle
12%
Little Odessa (1994)Maximilian Schell
12%
Film Actor/Actress % Correct
The Yards (2000)Faye Dunaway
12%
The Yards (2000)Steve Lawrence
12%
Two Lovers (2008)Moni Moshonov
12%
The Lost City of Z (2016)Ian McDiarmid
12%
Ad Astra (2019)LisaGay Hamilton
12%
Ad Astra (2019)Natasha Lyonne
12%
Little Odessa (1994)Moira Kelly
8%
The Yards (2000)Ellen Burstyn
8%
The Yards (2000)Tony Musante
8%
The Yards (2000)Robert Montano
8%
The Yards (2000)David Zayas
8%
We Own the Night (2007)Oleg Taktarov
8%
We Own the Night (2007)Tony Musante
8%
We Own the Night (2007)Danny Hoch
8%
We Own the Night (2007)Alex Veadov
8%
We Own the Night (2007)Dominic Colon
8%
We Own the Night (2007)Antoni Corone
8%
We Own the Night (2007)Ed Koch
8%
Two Lovers (2008)Isabella Rossellini
8%
Two Lovers (2008)Julie Budd
8%
Two Lovers (2008)Bob Ari
8%
Two Lovers (2008)Vinessa Shaw
8%
Two Lovers (2008)Elias Koteas
8%
The Immigrant (2013)Dagmara Dominczyk
8%
The Immigrant (2013)Elena Solovey
8%
The Immigrant (2013)Maja Wampuszyc
8%
The Immigrant (2013)Ilia Volok
8%
The Immigrant (2013)Angela Sarafyan
8%
The Immigrant (2013)Antoni Corone
8%
Film Actor/Actress % Correct
The Immigrant (2013)Peter McRobbie
8%
The Lost City of Z (2016)Edward Ashley
8%
The Lost City of Z (2016)Angus Macfadyen
8%
The Lost City of Z (2016)Clive Francis
8%
The Lost City of Z (2016)Franco Nero
8%
Ad Astra (2019)Kimberly Elise
8%
Ad Astra (2019)Donnie Keshawarz
8%
Ad Astra (2019)Bobby Nish
8%
Ad Astra (2019)John Finn
8%
Little Odessa (1994)Natalya Andreychenko
4%
Little Odessa (1994)David Vadim
4%
Little Odessa (1994)Mina Bern
4%
Little Odessa (1994)Boris McGiver
4%
Little Odessa (1994)Mohammed Ghaffari
4%
The Yards (2000)Andrew Davoli
4%
The Yards (2000)Victor Argo
4%
The Yards (2000)Tomas Milian
4%
The Yards (2000)Domenick Lombardozzi
4%
We Own the Night (2007)Maggie Kiley
4%
We Own the Night (2007)Paul Herman
4%
Two Lovers (2008)Iain J. Bopp
4%
The Immigrant (2013)Jicky Schnee
4%
The Immigrant (2013)Robert Clohessy
4%
The Immigrant (2013)Glenn Fleshler
4%
The Lost City of Z (2016)Pedro Coello
4%
Ad Astra (2019)Sean Blakemore
4%
Ad Astra (2019)Freda Foh Shen
4%

You're not logged in!

Compare scores with friends on all Sporcle quizzes.
OR
Log In

Sporcle TV

Today on Sporcle TV


Watch our educational content, quiz creation guides, and fun videos on Sporcle TV.

Show Comments

Extras

Top Quizzes Today


Score Distribution

Your Account Isn't Verified!

In order to create a playlist on Sporcle, you need to verify the email address you used during registration. Go to your Sporcle Settings to finish the process.

Report this User

Report this user for behavior that violates our Community Guidelines.

Details: